000 00384nam a2200157Ia 4500
003 Ost
005 20260225132559.0
008 260225s9999||||xx |||||||||||||| ||und||
040 _cfsic
041 _afre
082 _a174
100 _aHAUT CONSEIL ISLAMIQUE
_eAuteur
245 0 _aETHIQUE DE L'ISLAM ET ECONOMIE DE MARCHE /
245 0 _cHAUT CONSEIL ISLAMIQUE
942 _cكتاب
999 _c34663
_d34663